Statistics for FIFA World Cup Winning Capitals

Click here to take the quiz!

General Stats

  • This quiz has been taken 65 times
  • The average score is 9 of 10

Answer Stats

Year(s) Country Capital % Correct
2014GermanyBerlin
100%
1998, 2018FranceParis
100%
2010SpainMadrid
98%
1966EnglandLondon
98%
1934, 1938, 1982, 2006ItalyRome
98%
1978, 1986ArgentinaBuenos Aires
96%
1962, 1970, 1994, 2002BrazilBrasília
93%
1930, 1934UruguayMontevideo
89%
1954, 1974, 1990West GermanyBonn
75%
1958BrazilRio de Janeiro
70%

Score Distribution

Percentile by Number Answered

Percent of People with Each Score

Your Score History

You have not taken this quiz